00633 2200229 4500001002100000005001500021035002000036007000300056008004100059020002200100082001400122084002000136100001800156245009800174250001100272260003300283300002800316650002000344700001700364990001100381990001100392INLIS00000000000694620210305020549 a0010-0321000316ta210305 g 0 ind  a978-979-3600-69-7 a899.221 3 a899.221 3 RAD k0 aRADITYA, Dika1 aKambingJantan :bSebuah Catatan Harian Pelajar Bodoh /cRaditya Dika; penyunting, Denny Indra acet.38 aJakarta :bGagasMedia,c2013 axix, 236 hal. ;c19 cm. 4aFIKSI INDONESIA0 aDENNY, Indra a5005 a a6218 a